| 000 | 00558nam a2200193Ia 4500 | ||
|---|---|---|---|
| 003 | OSt | ||
| 005 | 20240611110934.0 | ||
| 008 | 210210b1976 xxu||||| |||| 00| 0 eng d | ||
| 040 |
_aAL _c |
||
| 041 | _aKannada | ||
| 082 | _aK894.3 CHAA | ||
| 100 |
_aCHANNAVIRAYYA (C N). _926828 _dಚನ್ನವೀರಯ್ಯ (ಸಿ ಎನ್) |
||
| 245 |
_aAttahasa _bಅಟ್ಟಹಾಸ |
||
| 260 |
_aBengaluru _bShri Umashankarara Sahitya Prakatanalaya _c1976 |
||
| 300 | _aviii,208 | ||
| 690 |
_aKannada Fiction _926829 |
||
| 906 | _a032514 | ||
| 942 |
_2ddc _cBK |
||
| 999 |
_c83452 _d83452 |
||